000 00746nam a22002177a 4500
003 OSt
005 20260408054028.0
008 260408b |||||||| |||| 00| 0 eng d
020 _a9789712719462
040 _aDWCL GS lib
_cOC
082 _aRes. 808.84 C537 2007
100 _aII , Editor Mangansakan, Gutierrez
245 _aChildren of the Ever-Changing Moon :
_bEssays by Young Moro Writers /
_cGutierrez Mangansakan II , Editor
260 _aPasig City
_bAnvil Publishing Inc.
_cc2007.
300 _axii, 119 pages:
_billustrations
_c21cm.
546 _aEnglish
650 _aPersonal Essay
650 _aCultural Anthology
650 _aNonfiction
942 _2ddc
_cBK-0 CIRC
_hRes. 808.84 C537 2007
_n0
999 _c9348
_d9348